000 01846nam a2200325 i 4500
001 152187
003 ES-MaACL
005 20250928104140.0
008 931025s1641 sp |||| | spa d
040 _aPAB
_bspa
_cCCPB
100 1 _aBlancas, Jerónimo de.
_9126005
245 1 0 _aCoronaciones de los Serenissimos Reyes de Aragon /
_cescritas por Geronimo de Blancas ... ; con dos tratados del Modo de tener Cortes ... ; publicalo ... Iuan Francisco Andres de Vztarroz, con algunas notas ...
260 _aEn Çaragoça :
_bpor Diego Dormer :
_ba costa de Pedro y Tomas Alfay ...,
_c1641.
300 _a3 partes en 1 vol. [24], 261, [33] p., [2] en bl., [4], 111 h., [1] en bl., [5] h., [1] en bl. ; [20], 108, [8] p. ;
_c4º.
505 8 _aModo de proceder en Cortes de Aragon / por Geronimo Blancas ..., con port. propia. Forma de celebrar Cortes en Aragon / por Geronimo Martel ...
530 _aDisponible también en sitio web.
597 _aSign.: †4, †6, A-Q8, R4, S8, T4, V6 ; *4, A-O8, P6 ; a4, b6, A-N4, O6.
597 _aPort. a dos tintas.
597 _aEscudo xilográfico en h. b1.
650 0 4 _aAragón (Reino)-
_xReyes y soberanos.
_9221814
650 1 4 _aAragón (Reino).
_bCortes.
_9221816
700 1 _aBlancas, Jerónimo de.
_tModo de proceder en Cortes de Aragon.
_9126004
700 0 _aMartel, Jerónimo.
_977154
700 1 _aAndrés de Uztárroz, Juan Francisco,
_d1606-1653
_921601
852 _aES-MaACL
_jR-3408
_9157686
_dOlim: D-4157
_xEncuadernación en pergamino
_zCotejado con la relación de obras recuperadas
_zCambio de signatura. Datos tomados del fichero topográfico R
856 _uhttp://bibliotecadigitalhispanica.bne.es:80/webclient/DeliveryManager?pid=2709737&custom_att_2=simple_viewer
_zIr a la página
942 _2udc
999 _c152187
_d152187